| 000 | 003260000a22001330004500 | ||
|---|---|---|---|
| 041 | 0 | _aSPA | |
| 082 | 0 | 4 | _aG 922.2 S4643s |
| 100 | 1 | _aTower, Courtney | |
| 245 | 1 | 0 | _aLa madre Teresa, mensajera de Dios / Courtney Tower |
| 260 | _aPleasantville, N.Y., USA : Reader's Digest | ||
| 300 | _a192 Pag | ||
| 001 | 11854 | ||
| 942 | _cBK | ||
| 999 |
_c40926 _d40926 |
||